1214 1332 1939 1892 1599 1449 1155 1391 1768 1125 1471 1576 1144 1279 1753 1885 1646 1501 1620 1767 1426 1327 1278 1158 1771 1746 1840 1882 1375 1031 1343 1095 1131 1573 1989 1970 1555 1996 1015 1878 1438 1028 1946 1262 1071 1448 1208 1403 1139 1091 1316 1542 1358 1704 1692 1160 1205 1408 1099 1471 1963 1585 1462 1512 1965 1730 1666 1151 1810 1398 1436 1632 1748 1792 1710 1017 1181 1844 1591 1245 1961 1837 1246 1651 1843 1558 1607 1920 1230 1201 1974 1612 1822 1798 1812 1969 1017 1399 1793 BCNSPRNW ULIB Ver.6.0+V

เปลี่ยนเป็นภาษาไทย

Change to English
 แสดงรายละเอียดบรรณานุกรม
  กลับหน้าหลัก

Brief Record : Get Marc (ISO 2709) : E-mail record : QR code < ปิดหน้าต่าง
LEADER : 00000nam 2200000uu 4500
001    13399124902
003     ULIB
008    160426s2558||||th 000 0 tha d
020    ^a9786162712586
060 04 ^aWT100^bก451
245 00 ^aการดูแลผู้สูงอายุ ผู้ที่อยู่ในภาวะพึ่งพิงและผู้ป่วยในระยะสุดท้ายในบริการปฐมภูมิ=^bCare for elderly, disabled, terminal-illness in primarycare /^cบรรณาธิการ วดี อัมรักเลิศ ... และคณะ
246 31 ^aCare for elderly, disabled, terminal-illness in primarycare
260    ^aสงขลา :^bภาควิชาเวชศาสตร์ชุมชน คณะแพทยศาสตร์มหาวิทยาลัยสงขลานครินทร์,^c2558
300    ^a216 หน้า :^bภาพประกอบ ;^c26 ซม.
500    ^aการพยาบาลผู้สูงอายุ
504    ^aมีบรรณานุกรมและดัชนี
505 0  ^aอุปกรณ์ช่วยเดินสำหรับผู้สูงอายุและผู้พิการ--2.การปรับสภาพบ้านและสิ่งแวดล้อมให้เหมาะสมกับผู้ป่วยและผู้พิการ--3.การบาดเจ็บและการสูญเสียอวัยวะจากการทำงาน--4.การใช้ยาอย่างเหมาะสมในผู้สูงอายุ--5.การประเมินสภาพจิตและเครื่องมือที่ใช้วินิจฉัย--6.การดูแลตนเองสู่สุขภาพดีวัยสูงอายุ--7.การหกล้มในผู้สูงอายุ--8.อาการที่พบบ่อยในการบริบาลผู้ป่วยระยะสุดท้าย--9.การดูแลผู้ป่วยแบบประคับประคองที่บ้าน--10.การระงับปวดจากมะเร็ง
650  0 ^aOlder people^xCare
650  0 ^aOlder people^xHealth and hygiene
650  4 ^aผู้สูงอายุ^xการดูแล
650  4 ^aผู้สูงอายุ^xสุขภาพและอนามัย
650  4 ^aการดูแลตนเอง
700 0  ^aวดี อัมรักเลิศ,^eบรรณาธิการ
710 2  ^aมหาวิทยาลัยสงขลานครินทร์.^bคณะแพทยศาสตร์.^bภาควิชาเวชศาสตร์ชุมชน
945    ^p350^l0^i23516
945    ^p350^l0^i23517
945    ^p350^l0^i23558
945    ^p350^l0^i23554
945    ^p350^l0^i23555
945    ^p350^l0^i23556
945    ^p350^l0^i23557
999    ^aทศพร เกษรทอง
รายการนี้ยังไม่มีแท็ก
คุณยังไม่ได้ล็อกอิน คุณสามารถมีกิจกรรมร่วมกับเว็บไซต์ได้ แต่ต้องล็อกอินก่อน ::
  ล็อกอิน

รายการสื่อสารสนเทศ

ลำดับที่ ประเภท เลขเรียก/บาร์โค้ด สถานที่ สถานะ
1. วิทยาศาสตร์การแพทย์ และสุขภาพ
วิทยาศาสตร์การแพทย์ และสุขภาพ
สถานะ=หนังสือเก่า
WT100 ก451 ฉ.1 
  Barcode: 23516
ห้องสมุดวิทยาเขตนครสวรรค์
►ส่วนจัดเก็บหนังสือเก่า นว.
บนชั้น
  ขอยืม
2. วิทยาศาสตร์การแพทย์ และสุขภาพ
วิทยาศาสตร์การแพทย์ และสุขภาพ
สถานะ=หนังสือเก่า
WT100 ก451 ฉ.2 
  Barcode: 23517
ห้องสมุดวิทยาเขตนครสวรรค์
►ส่วนจัดเก็บหนังสือเก่า นว.
บนชั้น
  ขอยืม
3. วิทยาศาสตร์การแพทย์ และสุขภาพ
วิทยาศาสตร์การแพทย์ และสุขภาพ
สถานะ=หนังสือเก่า
WT100 ก451 ฉ.3 
  Barcode: 23558
ห้องสมุดวิทยาเขตนครสวรรค์
►ส่วนจัดเก็บหนังสือเก่า นว.
บนชั้น
  ขอยืม
4. วิทยาศาสตร์การแพทย์ และสุขภาพ
วิทยาศาสตร์การแพทย์ และสุขภาพ
สถานะ=หนังสือเก่า
WT100 ก451 ฉ.4 
  Barcode: 23554
ห้องสมุดวิทยาเขตนครสวรรค์
►ส่วนจัดเก็บหนังสือเก่า นว.
บนชั้น
  ขอยืม
5. วิทยาศาสตร์การแพทย์ และสุขภาพ
วิทยาศาสตร์การแพทย์ และสุขภาพ
สถานะ=หนังสือเก่า
WT100 ก451 ฉ.5 
  Barcode: 23555
ห้องสมุดวิทยาเขตนครสวรรค์
►ส่วนจัดเก็บหนังสือเก่า นว.
บนชั้น
  ขอยืม
6. วิทยาศาสตร์การแพทย์ และสุขภาพ
วิทยาศาสตร์การแพทย์ และสุขภาพ
สถานะ=หนังสือเก่า
WT100 ก451 ฉ.6 
  Barcode: 23556
ห้องสมุดวิทยาเขตนครสวรรค์
►ส่วนจัดเก็บหนังสือเก่า นว.
บนชั้น
  ขอยืม
7. วิทยาศาสตร์การแพทย์ และสุขภาพ
วิทยาศาสตร์การแพทย์ และสุขภาพ
สถานะ=หนังสือเก่า
WT100 ก451 ฉ.7 
  Barcode: 23557
ห้องสมุดวิทยาเขตนครสวรรค์
►ส่วนจัดเก็บหนังสือเก่า นว.
บนชั้น
  ขอยืม

รายการใกล้เคียง
    หัวเรื่อง [Older people Care]
    หัวเรื่อง [ผู้สูงอายุ การดูแล]
    หัวเรื่อง [การดูแลตนเอง]

BibComment


ยังไม่เคยถูกคอมเมนท์

คอมเมนท์ทรัพยากรรายการนี้
  คอมเมนท์: การดูแลผู้สูงอาย..


 Copyright 2026. Bcnsprnw @Library